| LEADER | 00456cam a2200133 7i4500 | ||
|---|---|---|---|
| 001 | 0000027790 | ||
| 005 | 20120529090000.0 | ||
| 090 | 0 | 0 | |a CD 382.7 |b CUS (CHIN) |
| 245 | 2 | 0 | |a Customs import and export tariff of the People's Republic of China 2012. |
| 260 | 0 | 0 | |a [S.l]: |b Economic Daily Press, |c 2012. |
| 300 | # | # | |a Electronic computer optical disc (CD-ROM). |
| 650 | 0 | 0 | |a Tariff -- |z China |
| 651 | 0 | 0 | |a China |
| 999 | |a CDR001092H |b CD-ROM |c AV Collection |e Business Information Centre | ||